千葉県の市町村ドボンクイズ - Statistics

General Stats
  • This quiz has been taken 113 times
  • The average score is 41 of 54
Answers on the Grid
Answers color-coded by a green-red scale on the quiz's grid according to % correct below.
野田市
流山市
松戸市
市川市
浦安市
柏市
鎌ケ谷市
船橋市
習志野市
我孫子市
白井市
八千代市
印西市
佐倉市
千葉市
四街道市
栄町
成田市
酒々井町
富里市
八街市
神崎町
香取市
東庄町
銚子市
旭市
匝瑳市
横芝光町
多古町
芝山町
山武市
東金市
九十九里町
大網白里市
茂原市
白子町
長生村
一宮町
睦沢町
長柄町
市原市
長南町
袖ケ浦市
木更津市
君津市
富津市
鋸南町
南房総市
館山市
鴨川市
勝浦市
大多喜町
御宿町
いすみ市
幕張市
津田沼市
下総町
上総町
千葉中央市
検見川市
蘇我市
小金市
関宿町
小湊町
房総市
沼南町
印旛村
舞浜市
東葛飾市
安房市
 
Answer Stats
Answer % Correct
浦安市
84%
柏市
84%
千葉市
84%
旭市
84%
鎌ケ谷市
82%
習志野市
82%
佐倉市
82%
四街道市
82%
銚子市
82%
白井市
81%
成田市
81%
大網白里市
81%
市原市
81%
木更津市
81%
松戸市
79%
市川市
79%
船橋市
79%
茂原市
79%
富津市
79%
野田市
77%
流山市
77%
我孫子市
77%
酒々井町
77%
芝山町
77%
長生村
77%
袖ケ浦市
77%
君津市
77%
いすみ市
77%
八街市
76%
匝瑳市
76%
東金市
76%
館山市
76%
勝浦市
76%
印西市
74%
香取市
74%
南房総市
74%
八千代市
73%
山武市
73%
白子町
73%
鋸南町
73%
富里市
71%
神崎町
71%
多古町
71%
九十九里町
71%
一宮町
71%
鴨川市
71%
御宿町
71%
長南町
69%
栄町
68%
横芝光町
66%
睦沢町
66%
大多喜町
66%
東庄町
65%
長柄町
63%
No matching quizzes found
Score Distribution
Percent of People with Each Score
Percentile by Number Answered
Your Score History
You have not taken this quiz